000 00597cam a2200229 4500
001 3594277
003 OSt
005 20180116183009.0
008 680310r1968 nyu 000 1 eng
010 _a 68023370
040 _aDLC
_cDLC
_dDLC
050 0 0 _aPZ4.M1493
_bSe3
_aPR6063.A235
082 _a813.54 MAC 1970
100 1 _aMacHardy, Charles.
245 1 0 _aSend down a dove.
250 _a[1st American ed.]
260 _aNew York,
_bCoward-McCann
_c[1968]
300 _a351 p.
_c23 cm.
350 _a$5.95
906 _a7
_bcbc
_corignew
_du
_encip
_f19
_gy-gencatlg
942 _2ddc
_cBK
999 _c350185
_d350185